Corrupción en Costa Rica y El Salvador: dos realidades distintas

Guardat en:
Dades bibliogràfiques
Format: Text
Etiquetes: Afegir etiqueta
Sense etiquetes, Sigues el primer a etiquetar aquest registre!

MARC

LEADER 00000 a a2200000 04500
001 42615
003
040
245 |a Corrupción en Costa Rica y El Salvador:   |b dos realidades distintas  
773 |g volumen25, número1120 ( , 2004), páginas 10-11  
999 |c 37023  |d 37023